[Event "Washington Open"]
[Site "?"]
[Date "1991.05.26"]
[Round "3"]
[White "Golding, D."]
[Black "Bailey, B."]
[Result "0-1"]
[WhiteElo "1547"]
[BlackElo "1751"]
[Annotator "Stockfish 12 (20s)"]
[PlyCount "72"]

{A03: Bird's Opening with 1...d5} 1. f4 d5 2. Nf3 Nf6 3. e3 c5 4. Be2 Nc6 5.
O-O e6 6. d4 (6. d3 Qc7 7. Qe1 b6 8. Na3 Bb7 9. b3 O-O-O 10. Nb5 Qb8 11. d4 a6
12. Nc3 Ne4 13. Nxe4 dxe4 14. Ne5 Qc7 15. c3 f6 16. Nxc6 Qxc6 17. a4 g5 18.
fxg5 f5 19. b4 c4 20. Ba3 b5 {
Kan,W (2380)-Hon Kah Seng,C Buenos Aires 1978 1-0 (93)}) (6. b3 Bd6 7. Bb2 b6
8. Qe1 Bb7 9. Qg3 Rg8 10. Nc3 a6 11. Rad1 Qe7 12. a4 O-O-O 13. Ne5 Qc7 14. d4
cxd4 15. exd4 Ne8 16. Qh3 Nf6 17. Nb1 h6 18. c4 dxc4 19. Bxc4 Bxe5 20. dxe5 Nd7
{Garcia Iturriaga,M (1964)-Palacios Gonzalez,M Vilagarcia de Arousa 2006 1-0
(64)}) 6... Be7 7. c4 $146 (7. c3 O-O 8. Nbd2 b6 9. Ne5 Bb7 10. Bd3 Qc7 11. Qf3
Na5 12. g4 Nc4 13. g5 Nxd2 14. Bxd2 Ne4 15. Bxe4 dxe4 16. Qh3 b5 17. Rf2 Bd6
18. Rg2 Rac8 19. Kh1 cxd4 20. cxd4 Qe7 21. Ng4 Kh8 {
Naftalin,S-Kikiani,T Tbilisi 1957 1-0}) (7. Bd2 O-O 8. Kh1 a5 9. Be1 b6 10. a4
Ba6 11. Bh4 Bxe2 12. Qxe2 Ne4 13. Bxe7 Qxe7 14. Nbd2 Nxd2 15. Qxd2 Rfc8 16.
Rfc1 cxd4 17. exd4 Qf6 18. c3 Rab8 19. Ne5 Qf5 20. Nxc6 Rxc6 21. Rf1 h6 {
Alvarez,G-Perez Lopez,M Gijon 1999 1/2-1/2 (57)}) (7. Ne5 O-O $11) 7... O-O 8.
Nc3 Re8 9. h3 b6 (9... dxc4 10. Bxc4 a6 11. dxc5 Bxc5 $17) 10. g4 $2 (10. cxd5
$142 exd5 11. Bd2 $15) 10... Bb7 $17 11. Kh2 (11. g5 Ne4 12. cxd5 exd5 13. Nxe4
dxe4 $17) 11... Bd6 (11... cxd4 12. exd4 h6 13. cxd5 Nxd5 14. Ne5 Nxe5 15. fxe5
$19) 12. Ne5 (12. g5 Ne4 13. cxd5 exd5 14. Nxe4 dxe4 $19) 12... cxd4 13. exd4
dxc4 14. Bxc4 Ne7 15. Be3 $2 (15. Qe2 $5 Nfd5 16. Bb5 $17) 15... Ned5 16. Nxd5
(16. Qe1 Rc8 (16... Nxe3 $6 17. Qxe3 Rc8 18. g5 $15) 17. Bd3 Nb4 $17 (17...
Nxe3 $6 18. Qxe3 Nd5 19. Nxd5 Bxd5 20. g5 $17)) 16... Nxd5 (16... exd5 $6 17.
Bd3 $11) (16... Bxd5 $6 17. Bb5 Rf8 18. Rc1 $17) 17. Bxd5 (17. Bd2 Rc8 18. Rc1
$19) 17... Bxd5 (17... exd5 $6 18. g5 $17) 18. Rc1 Rc8 19. b3 (19. Rxc8 Qxc8
20. g5 Qa6 $19 (20... Bxa2 21. Qa4 Bd5 22. Qxa7 $17)) 19... Re7 (19... Rxc1 20.
Qxc1 f6 21. Nc4 $19) 20. Rf2 (20. Qe2 f6 21. Rxc8 Qxc8 $19) 20... Rec7 21. Nc4
(21. Rxc7 Qxc7 22. Kg3 $19) 21... Bxc4 22. bxc4 Rxc4 23. Rfc2 (23. Rxc4 Rxc4
24. Qf3 $19) 23... Rxc2+ 24. Rxc2 Rxc2+ 25. Qxc2 Qc7 26. Qxc7 (26. Qd2 g5 $19)
26... Bxc7 27. Kg2 (27. Kg3 Kf8 $19) 27... f5 28. Kf3 Kf7 29. Bd2 (29. Ke2 b5
$19) 29... Ke7 30. Ke3 (30. Bc3 g6 31. d5 exd5 $19) 30... Kd6 31. Kd3 (31. h4
Kd5 $19) 31... Kd5 32. Be3 b5 33. Bd2 a6 (33... g6 34. Ke3 $19) 34. Bc1 (34. g5
g6 $19) 34... g6 35. Bd2 (35. g5 Bb6 $19) 35... fxg4 36. hxg4 h5 0-1

[Event "Washington Open"]
[Site "?"]
[Date "1991.05.26"]
[Round "4"]
[White "Bailey, B."]
[Black "Monahan, D."]
[Result "1-0"]
[WhiteElo "1751"]
[BlackElo "1645"]
[Annotator "Stockfish 12 (20s)"]
[PlyCount "125"]

{B95: Sicilian Najdorf: 6 Bg5 e6, unusual White 7th moves} 1. e4 c5 2. Nf3 d6
3. d4 cxd4 4. Nxd4 Nf6 5. Nc3 a6 6. Bg5 e6 7. Bc4 Be7 8. Qd2 Qc7 9. Bb3 Bd7 (
9... Nc6 10. O-O-O Bd7 11. Rhe1 Na5 12. f4 h6 13. Bh4 Nxb3+ 14. axb3 Nxe4 15.
Rxe4 Bxh4 16. Nf5 Be7 17. Nxe7 Kf8 18. f5 Bb5 19. fxe6 Qxe7 20. Nd5 Qg5 21. Rf4
f6 22. h4 Qg6 23. Qb4 Qxg2 24. Qxd6+ {
Sasaki,K (2205)-Santana,O (2260) Manila 1992 1-0}) (9... Nbd7 10. O-O-O Nc5 11.
f3 O-O 12. Kb1 Rd8 13. h4 Nxb3 14. Nxb3 b5 15. g4 Bb7 16. Bxf6 Bxf6 17. g5 Bxc3
18. Qxc3 Qxc3 19. bxc3 Kf8 20. Na5 Rab8 21. Rh2 Ba8 22. Rhd2 Ke7 23. a3 e5 24.
Nb3 {
Brodier,T (1880)-Barbelin,J (1590) Ech Ardennais/La Francheville 2004 0-1 (58)}
) 10. f4 Nc6 11. O-O-O Na5 $2 $146 (11... O-O 12. Rhe1 Nxd4 13. Qxd4 Bc6 14.
Bxf6 Bxf6 15. Qxd6 Qxd6 16. Rxd6 Bxc3 17. bxc3 Rfc8 18. g3 a5 19. a3 Kf8 20. f5
Ke7 21. Rd2 a4 22. Ba2 Ra5 23. fxe6 fxe6 24. e5 Rc5 25. Rd6 Bd7 26. Rd3 {
Galli,F-Bemporad,F (2060) Robecchetto 1999 1-0 (54)}) (11... Rd8 12. f5 Nxd4
13. Qxd4 $14) 12. Kb1 (12. Rhe1 h6 13. Bh4 Nxb3+ 14. axb3 $18 (14. cxb3 $2 Nxe4
15. Rxe4 Bxh4 $19) (14. Nxb3 $6 Rd8 $14)) 12... b5 $4 (12... h6 13. Bxf6 Bxf6
14. Rhe1 $11) 13. Rhe1 $4 (13. e5 dxe5 14. fxe5 Qxe5 15. Rhe1 Nxb3 16. cxb3 $18
(16. Rxe5 $4 Nxd2+ 17. Rxd2 Rd8 $19) (16. axb3 $143 Qc5 17. Nf5 Qxf5 18. Bxf6
gxf6 19. Qxd7+ Kf8 $18) (16. Nxb3 $6 Qc7 17. Bxf6 gxf6 $14)) 13... h6 $2 (13...
Nxb3 $5 14. axb3 h6 15. Bxf6 Bxf6 $14) 14. Bxf6 $16 Bxf6 $2 (14... Nxb3 15.
Nxb3 gxf6 $16) 15. f5 $4 (15. Nf5 $142 $1 O-O 16. Qxd6 $18) 15... Nxb3 $14 16.
cxb3 (16. axb3 Rc8 17. Nf3 b4 $11) 16... O-O 17. g4 $4 (17. fxe6 fxe6 18. Nf3
Rfd8 19. Qxd6 Qxd6 20. Rxd6 Be7 $11) 17... Bg5 $4 (17... Bh4 $142 $19) 18. Qf2
$11 Qa7 $4 (18... Bf6 $142 19. h4 Be5 $11) 19. Qg3 $4 (19. h4 Bf6 20. g5 $16)
19... b4 $17 20. Nce2 e5 (20... a5 $142 $5 21. h4 Bf6 22. fxe6 Be5 $19) 21. h4
$11 exd4 $4 (21... Bd8 $142 22. Nc2 Qb7 $11) 22. hxg5 $18 a5 (22... hxg5 23.
Qxd6 Rad8 24. Qh2 $18) 23. Qxd6 (23. gxh6 $142 g5 24. Qxd6 $18) 23... a4 24.
Qxd4 (24. Qxb4 axb3 25. a3 Rfb8 26. Qxd4 Bc6 27. gxh6 gxh6 $18) 24... axb3 25.
Qxa7 Rxa7 26. axb3 (26. gxh6 $142 bxa2+ 27. Ka1 gxh6 28. Rd6 $18) 26... hxg5
27. Rd4 Rfa8 (27... Bb5 28. Kc2 Rb7 29. Ng3 $18) 28. Red1 (28. Kc2 $142 $18)
28... Ra1+ 29. Kc2 Rxd1 (29... Rc8+ 30. Kd2 Rxd1+ 31. Kxd1 $18) 30. Kxd1 (30.
Rxd1 Bb5 31. Ng3 f6 $18) 30... Bb5 (30... Bc6 31. Kd2 Ra2 32. Rd8+ Kh7 33. Ke3
$18) 31. Kd2 (31. Rxb4 $142 Rd8+ 32. Ke1 $18) 31... Bxe2 (31... f6 32. Ng3 Ra2
33. Rxb4 Rxb2+ 34. Ke3 Be8 $18) 32. Kxe2 Rb8 (32... f6 33. Kd3 Ra1 34. Rxb4 $18
) 33. Kd3 Kf8 (33... f6 34. Kc4 $18) 34. Kc4 (34. e5 $142 $5 Rb5 35. Re4 Rb8
$18) 34... Ke7 35. Kc5 (35. e5 g6 36. fxg6 fxg6 $18) 35... Kf6 (35... f6 36.
Rxb4 Rc8+ 37. Kd4 Rd8+ 38. Kc3 $18) 36. Rxb4 Rc8+ 37. Kd4 Rc2 (37... Rd8+ 38.
Ke3 $18) 38. e5+ Ke7 39. Rc4 Rxb2 40. b4 Kd7 41. Kc5 Re2 42. Kd5 Rd2+ 43. Rd4
Re2 44. Re4 (44. b5 Rb2 45. Kc5+ Kc8 $18) 44... Rd2+ 45. Kc5 Rc2+ 46. Kb6 (46.
Rc4 $142 $5 Re2 47. Kd5 Re1 $18) 46... Rf2 47. Rd4+ (47. Kc5 Rc2+ 48. Rc4 Re2
$18) 47... Ke7 48. Kc5 Rc2+ 49. Kd5 Rb2 50. Re4 Rd2+ 51. Kc4 Rc2+ 52. Kb3 Rf2
53. b5 Rf1 54. Kc4 Rc1+ 55. Kd5 Rd1+ 56. Kc5 Rc1+ 57. Rc4 Re1 58. b6 Kd7 59.
Rd4+ Kc8 60. Kd6 Kb7 61. e6 fxe6 62. fxe6 Kxb6 63. e7 1-0

[Event "Washington Open"]
[Site "?"]
[Date "1991.05.27"]
[Round "5"]
[White "Bailey, B."]
[Black "Silwanowitz, A."]
[Result "1-0"]
[WhiteElo "1751"]
[BlackElo "1710"]
[Annotator "Stockfish 12 (20s)"]
[PlyCount "61"]

{C63: Ruy Lopez: Schliemann/Jaenisch Defence} 1. e4 e5 2. Nf3 Nc6 3. Bb5 f5 4.
Bxc6 dxc6 5. exf5 e4 6. Qe2 Qe7 7. Nd4 Qe5 8. Ne6 Bxe6 9. fxe6 Qxe6 (9... Bd6
10. Nc3 Nf6 11. b3 O-O-O 12. Bb2 Qxe6 13. O-O-O Rhe8 14. Kb1 Qf5 15. h3 Bc5 16.
Rhf1 Kb8 17. Na4 Bd4 {
1/2-1/2 (17) Vujovic,M (2310)-Vlajkovic,S (2250) Caorle 1989}) 10. Nc3 {
Attacking the isolated pawn on e4} Nf6 11. d3 Bb4 12. f3 $146 (12. Bd2 Bxc3 13.
Bxc3 O-O-O 14. O-O Rhe8 15. Rfe1 Qd7 16. Bxf6 exd3 17. Qxd3 Qxd3 18. Rxe8 Rxe8
19. cxd3 gxf6 20. Kf1 Kd7 21. Rc1 Kd6 22. Rc4 f5 23. Rd4+ Ke6 24. Ke2 c5 25.
Rh4 Re7 26. Kd2 Ke5 {
Renier,R (1987)-Navarro,S (2179) Loreggia 2005 1/2-1/2 (43)}) (12. O-O Bxc3 13.
bxc3 O-O 14. f3 e3 15. Qxe3 Qd5 16. c4 Qh5 17. Qg5 Rfe8 18. Qxh5 Nxh5 19. Bd2
Re2 20. Rf2 Rae8 21. Kf1 R2e6 22. Re1 Rxe1+ 23. Bxe1 Kf7 24. Bc3 c5 25. f4 Re6
26. Be5 c6 {Tuomala,T (2215)-Andersson,J Karhula 2000 1-0 (55)}) 12... Nd5 13.
O-O $4 (13. Qxe4 $142 Qxe4+ 14. fxe4 Nxc3 15. a3 Nxe4+ 16. axb4 $14) 13... Nxc3
$19 14. bxc3 Bxc3 15. Rb1 Bd4+ 16. Kh1 O-O-O (16... e3 $142 17. c3 Bxc3 18.
Rxb7 Bd4 19. Rxc7 O-O $19) 17. Qxe4 $4 (17. fxe4 $142 Qxa2 18. Be3 $17) 17...
Qxa2 $19 18. Bg5 Rd7 19. c4 (19. Be3 Rhd8 20. Bg5 $19) 19... h6 (19... Qa5 $142
20. Bh4 Qh5 $19) 20. Be3 $15 Bf6 (20... Bc3 $142 21. Rfc1 Bb2 $15) 21. Rfc1 $4
(21. Qe6 $142 Rhd8 22. d4 $11) 21... Re7 $19 22. Qf5+ (22. Qg4+ Kb8 23. Bd4
Rhe8 $19) 22... Kb8 23. Qc5 (23. Bg1 Re2 $19) 23... b6 24. Bf4 (24. Bg1 Kb7 25.
d4 Rd8 $19) 24... Kb7 25. d4 Rhe8 26. Qb4 (26. Bg3 Qd2 27. Qa3 Qxd4 $19) 26...
Bxd4 27. c5 Bf6 (27... Rd7 $142 $5 28. cxb6 axb6 29. Rf1 $19) 28. cxb6 axb6 (
28... cxb6 $142 29. h3 Rd8 $19) 29. Bxc7 $11 Bd4 $4 (29... b5 $142 30. Bd6 Rd7
31. Rxc6 Qxb1+ 32. Qxb1 Kxc6 $11) 30. Bxb6 $18 (30. Qxd4 $4 Qxb1 31. Rxb1 Re1+
32. Qg1 Rxg1+ 33. Kxg1 Kxc7 $19) 30... Bc3 (30... Re1+ 31. Rxe1 Rxe1+ 32. Rxe1
Bxb6 33. Qe7+ Bc7 34. Qxg7 Qb3 $18) 31. Qxc3 (31. Qxc3 Qd5 32. Bc5+ Kc8 33.
Bxe7 Rxe7 34. Qa3 Kd8 35. Qa8+ Kc7 36. Rb7+ Kd6 37. Qa3+ Ke5 38. Qxe7+ Kf4 39.
Re1 h5 40. Qf8+ Qf7 41. Rxf7+ Kg5 42. Qxg7+ Kh4 43. Re4#) 1-0

[Event "Washington Open"]
[Site "?"]
[Date "1991.05.27"]
[Round "6"]
[White "McNoun, M."]
[Black "Bailey, B."]
[Result "0-1"]
[WhiteElo "1744"]
[BlackElo "1751"]
[Annotator "Stockfish 13 (15s)"]
[PlyCount "96"]

{C81: Open Ruy Lopez: Keres Variation (9 Qe2)} 1. e4 e5 2. Nf3 Nc6 3. Bb5 a6 4.
Ba4 Nf6 5. d4 Nxe4 6. O-O b5 7. Bb3 d5 8. dxe5 Be6 9. Qe2 Bc5 10. a4 (10. Nc3
Nxc3 11. bxc3 Na5 12. a4 c6 13. Be3 Bxe3 14. Qxe3 O-O 15. Ba2 Nb7 16. Rad1 Qc7
17. h4 Bg4 18. Qg5 Bxf3 19. gxf3 f6 {
0-1 (19) Benda,A-Simacek,P (2125) Plzen 1995}) 10... b4 11. Nbd2 Nxd2 12. Bxd2
Na5 $146 (12... O-O 13. Rfd1 f6 14. exf6 Qxf6 15. Bg5 Qf5 16. c4 Qe4 17. Re1
Qxe2 18. Rxe2 Na5 19. Bc2 Bf7 20. cxd5 Bxd5 21. Rd1 c6 22. Be3 Bxe3 23. Rxe3
Nc4 24. Re7 Nxb2 25. Rb1 Nc4 26. Rxb4 Rab8 27. Rxb8 {
Cygan,T-Kozdryk,A (2010) Pyskovice 1991 1/2-1/2 (53)}) 13. Ba2 Qd7 14. c3 (14.
Ng5 $5 $14) 14... b3 $11 15. Bb1 Nc4 16. Bf4 Bg4 17. Rd1 c6 (17... O-O 18. h3
Bxf3 19. Qxf3 $11) 18. Bd3 $14 Qe6 19. Bxc4 dxc4 20. Qf1 (20. Be3 $142 Bxe3 21.
Rd6 $14) 20... Bxf3 $15 21. gxf3 O-O 22. Re1 Rad8 23. Re4 Rd3 24. Rae1 $4 (24.
Qg2 $142 Rfd8 25. h4 $15) 24... Rxf3 $19 25. Bg3 Rd3 26. Qe2 (26. Bf4 Rfd8 $19)
26... Rfd8 27. Bf4 Qd5 (27... Re8 $142 $5 28. a5 $19) 28. e6 (28. Qg4 $142 $19)
28... fxe6 $4 (28... f6 29. Qf1 $19) 29. Rxe6 $2 (29. Re5 $142 Qd6 30. Rf5 $17)
29... Rd1 $19 30. Re5 (30. Re8+ Kf7 31. Rxd8 Rxe1+ 32. Qxe1 Qxd8 $19) 30...
Rxe1+ 31. Qxe1 Qd1 32. Kf1 $2 (32. Kg2 Qg4+ 33. Bg3 Rd1 $19) 32... Ba3 (32...
Bf8 $142 33. Kg2 Qg4+ 34. Bg3 Rd3 $19) 33. Re8+ $4 (33. Bc1 $142 Qd3+ 34. Qe2
$19) 33... Kf7 34. Rxd8 Qxd8 35. Qb1 (35. Qc1 Be7 36. h3 Qd3+ 37. Kg2 $19)
35... Qd3+ 36. Qxd3 cxd3 37. Ke1 (37. Bc1 Bd6 38. Ke1 Bxh2 $19) 37... c5 38. c4
(38. Bc1 Bxb2 $1 39. Bxb2 $19) 38... Bxb2 39. Kd2 Bd4 40. Kxd3 Ke6 41. f3 (41.
Bc7 Be5 42. Bb6 Bxh2 43. Bxc5 Be5 $19) 41... Kf5 (41... Be5 $142 $5 42. Bg5
Bxh2 43. Kd2 $19) 42. Bg3 (42. Bd6 Ke6 43. Bc7 Be5 $19) 42... g5 43. Kd2 (43.
h3 Be5 44. Bf2 $19) 43... g4 44. fxg4+ Kxg4 45. Bd6 h5 46. Kc1 h4 47. Kb1 h3
48. Bf8 Kf3 (48... Kf3 49. Bd6 Ke2 50. Kc1 Kd3 51. a5 Be3+ 52. Kb1 Kxc4 53. Bg3
Bd4 54. Bd6 Kd3 55. Bxc5 Bxc5 56. Kb2 Kc4 57. Ka1 Kc3 58. Kb1 Bd4 59. Kc1 b2+
60. Kb1 Kd3 61. Ka2 Kc2 62. Ka3 b1=Q 63. Ka4 Qb3#) 0-1

[Event "SCC Swiss"]
[Site "?"]
[Date "1991.07.01"]
[Round "1"]
[White "Bailey, B."]
[Black "Mackrell, L."]
[Result "1-0"]
[WhiteElo "1748"]
[BlackElo "1140"]
[Annotator "Stockfish 12 (15s)"]
[PlyCount "93"]

{C41: Philidor Defence} 1. e4 e5 2. Nf3 d6 3. Bc4 Nf6 4. d3 Be6 (4... h6 5. c3
(5. h3 Nbd7 6. Be3 c6 7. Nc3 b5 8. Bb3 a5 9. a4 b4 10. Ne2 Be7 11. Ng3 Nf8 12.
O-O Be6 13. c4 c5 14. Bc2 g5 15. Nh2 Ng6 16. Nf5 Qd7 17. Ng7+ Kd8 18. Nxe6+
Qxe6 19. Ng4 Nf4 {Lukursky,B-Myers,S Brisbane 2006 1/2-1/2 (48)}) 5... Be7 6.
O-O Nbd7 7. Nbd2 c6 8. Re1 g5 9. Nf1 Nf8 10. d4 Qc7 11. Ng3 Ng6 12. dxe5 dxe5
13. Nf5 Bf8 14. Qc2 Bd7 15. a4 Rh7 16. b4 O-O-O 17. Be3 Kb8 18. a5 Qc8 {
1/2-1/2 (18) Sikora Gizynska,B (2250)-Misanovic,V (2330) Novi Sad 1990}) 5.
Nbd2 $146 (5. Bxe6 fxe6 6. O-O c5 7. c4 Nc6 8. Nc3 d5 9. exd5 exd5 10. cxd5
Nxd5 11. Re1 Nxc3 12. bxc3 Bd6 13. Bb2 O-O 14. Qb3+ Kh8 15. c4 b6 16. Nxe5 Bxe5
17. Bxe5 Re8 18. Bb2 Qd7 19. Qc3 Rxe1+ {Hoffmann,W-Sorba,M Griesheim 1999 1-0})
(5. Bb3 h6 6. Nc3 Nbd7 7. Be3 Be7 8. h3 c5 9. Nd5 Nxd5 10. Bxd5 Bxd5 11. exd5
f5 12. c4 O-O 13. O-O Qe8 14. Nh2 f4 15. Bd2 h5 16. b4 Qg6 17. Qf3 Rf5 18. Kh1
Raf8 19. Rg1 Bh4 {Knotek,A-Rafael,D Czechia 1996 1/2-1/2}) 5... a5 6. c3 b5 $2
(6... Bxc4 $142 7. Nxc4 Be7 $11) 7. Bxb5+ $18 Nbd7 $2 (7... c6 8. Bc4 d5 9. Bb3
$18) 8. O-O (8. d4 $142 $5 Qc8 9. dxe5 dxe5 10. Nxe5 Bc5 $18) 8... Rb8 (8...
Qc8 9. Ba4 $18) 9. Bxd7+ (9. Bc4 $5 Bg4 10. h3 Bh5 $18) 9... Bxd7 10. d4 (10.
Nc4 $142 a4 11. d4 exd4 12. Nxd4 $18) 10... d5 $4 (10... exd4 $142 11. Nxd4 Be7
$18) 11. Nxe5 Be6 (11... dxe4 12. Nxe4 $1 Nxe4 13. Re1 $18) 12. exd5 (12. Nc6
Qc8 13. exd5 Nxd5 $18) 12... Nxd5 (12... Qxd5 13. Ndf3 Be7 14. c4 $18) 13. Qa4+
(13. Nc6 $5 Qc8 14. c4 Nf6 15. Nxb8 Qxb8 $18) 13... Bd7 14. Nxd7 (14. Qxa5 $142
c6 15. Qa7 $18) 14... Bd6 (14... Qxd7 15. Qxd7+ Kxd7 $18) 15. Re1+ Be7 16.
Nxb8+ Kf8 17. Qd7 (17. Qb5 $142 c5 18. Nd7+ Kg8 19. Qb7 $18) 17... a4 18. Nf3 (
18. Qxd8+ Bxd8 19. Nd7+ Kg8 20. Re8#) 18... Nf6 19. Qxd8+ Bxd8 20. Nc6 Ne8 21.
Nxd8 h5 22. Bf4 Rh6 23. Re2 Rd6 24. Rae1 (24. Bxd6+ Nxd6 25. Rae1 a3 26. Nxf7
Kxf7 27. Ng5+ Kf8 28. bxa3 h4 29. Re7 h3 30. Rd7 g6 31. Nh7+ Kg8 32. Ree7 g5
33. Rd8+ Ne8 34. Rdxe8#) 24... Rxd8 $18 25. Ng5 Nd6 26. Bxd6+ cxd6 27. Re8+ (
27. Nh7+ $142 Kg8 28. Nf6+ gxf6 29. Re8+ Rxe8 30. Rxe8+ Kh7 31. Rd8 $18) 27...
Rxe8 28. Rxe8+ (28. Nh7+ Kg8 29. Nf6+ gxf6 30. Rxe8+ Kg7 $18) 28... Kxe8 29. b3
f6 (29... axb3 30. axb3 Ke7 31. Nxf7 $18) 30. Ne6 Ke7 31. d5 a3 32. h4 g5 33.
hxg5 fxg5 34. Nxg5 Kf6 35. f4 (35. Ne6 Ke5 36. c4 Ke4 37. f4 h4 38. Kf2 Kd3 39.
c5 Ke4 40. cxd6 h3 41. gxh3 Kd3 42. d7 Kc2 43. d8=Q Kb1 44. Qc7 Kb2 45. d6 Ka1
46. Qc1+ Kxa2 47. Qc2+ Ka1 48. Nd4 a2 49. Qc1#) 35... Kf5 36. Ne6 Ke4 37. c4
Ke3 38. f5 h4 (38... Kd3 39. f6 h4 40. f7 h3 41. f8=Q h2+ 42. Kxh2 Kc2 43. Qf2+
Kc1 44. g3 Kb1 45. Nd4 Ka1 46. b4 Kb1 47. Qc2+ Ka1 48. Nb3#) 39. f6 Kd2 (39...
h3 40. f7 h2+ 41. Kxh2 Kd2 42. f8=Q Kc2 43. Qf2+ Kc1 44. g3 Kb1 45. Nd4 Ka1 46.
b4 Kb1 47. Qc2+ Ka1 48. Nb3#) 40. f7 h3 41. f8=Q hxg2 (41... h2+ 42. Kxh2 Kc2
43. Qf2+ Kc1 44. g3 Kb1 45. Nd4 Ka1 46. b4 Kb1 47. Qc2+ Ka1 48. Nb3#) 42. Qf2+
Kc1 43. Qe1+ (43. Kxg2 Kb1 44. Nd4 Ka1 45. b4 Kb1 46. Qc2+ Ka1 47. Nb3#) 43...
Kb2 (43... Kc2 44. Kxg2 Kb2 45. Qd1 Kxa2 46. Qc2+ Ka1 47. b4 a2 48. Qc1#) 44.
Qd2+ (44. Qd1 Kxa2 45. Qc2+ Ka1 46. Kxg2 a2 47. Qc1#) 44... Ka1 (44... Kb1 45.
Qc3 Kxa2 46. Qc2+ Ka1 47. Kxg2 a2 48. Qc1#) 45. Nd4 (45. Qc1+ Kxa2 46. Qc2+ Ka1
47. Kxg2 a2 48. Qc1#) 45... Kb1 46. Kxg2 Ka1 47. Nc6 (47. Nc6 Kb1 48. Nb4 Ka1
49. Qc1#) (47. Nb5 Kb1 48. Nc3+ Ka1 49. Qc1#) 1-0

[Event "SCC Swiss"]
[Site "?"]
[Date "1991.08.02"]
[Round "2"]
[White "Leggett, L."]
[Black "Bailey, B."]
[Result "0-1"]
[WhiteElo "1750"]
[BlackElo "1748"]
[Annotator "Stockfish 12 (15s)"]
[PlyCount "96"]

{D20: Queen's Gambit Accepted: 3 e3 and 3 e4} 1. d4 d5 2. c4 dxc4 3. e4 e5 4.
Nf3 exd4 5. Qa4+ $4 $146 (5. Qxd4 Be6 (5... Nc6 6. Qxd8+ Nxd8 7. Bxc4 Bb4+ (
7... Be6 8. Bd3 Bb4+ 9. Nc3 Nf6 10. O-O O-O 11. Bf4 c6 12. a3 Be7 13. h3 Nd7
14. Nd4 Nc5 15. Bc2 Re8 16. Nf5 Bf8 17. Rad1 Bc4 18. Rfe1 Nde6 19. Bd6 Bb3 20.
Bxb3 Nxb3 21. e5 g6 22. Bxf8 {Cruz,R-Rossetto,H Buenos Aires 1965 1/2-1/2 (55)}
) 8. Ke2 Ne7 9. a3 Ba5 10. b4 Bb6 11. Bb2 O-O 12. Nbd2 Be6 13. Rhd1 f5 14. Ng5
Bxc4+ 15. Nxc4 h6 16. Rd7 Re8 17. Nxb6 axb6 18. Nf3 Ne6 19. exf5 Nxf5 20. Kf1 {
Zhao Jun (2525)-Zhou Jianchao (2525) Wuxi 2006 1/2-1/2}) 6. Qxd8+ Kxd8 7. Bf4
Bc5 8. Nc3 c6 9. Ng5 b5 10. Nxe6+ fxe6 11. Rd1+ Nd7 12. Bd6 Kc8 13. a4 a6 14.
b4 cxb3 15. g3 b4 16. Nb1 Ngf6 17. f3 Re8 18. Bc4 b2 19. Ke2 Bxd6 {
Kasraei,A (1454)-Schreiner,P (1745) Recklinghausen 2006 0-1 (39)}) (5. Bxc4
$142 Nc6 6. O-O $14) 5... Bd7 $17 6. Qxc4 c5 7. Ng5 $2 (7. Qb3 $142 Qb6 8. Bc4
Qxb3 9. axb3 $17) 7... Nh6 $19 8. Qb3 Be7 9. h4 (9. Nf3 Nc6 10. Bxh6 gxh6 $19)
9... Qb6 (9... O-O 10. Be2 Qc7 11. O-O $19) 10. Bc4 (10. Na3 O-O $19) 10...
Qxb3 (10... O-O 11. O-O Qxb3 12. axb3 $19) 11. Bxb3 $2 (11. axb3 $142 O-O 12.
f3 $19) 11... Nc6 12. Bd2 (12. O-O O-O $19) 12... O-O 13. Na3 (13. a4 Ng4 14.
Na3 h6 $19) 13... Kh8 (13... Ng4 14. f3 Nge5 15. f4 $19) 14. O-O-O (14. O-O
Rad8 15. Rfd1 a6 $19) 14... Ne5 (14... Ng4 $5 15. Rhf1 Kg8 16. f3 $19) 15. Bf4
f6 (15... Bd6 16. Bd5 f6 17. Nh3 $19) 16. Bxe5 $2 (16. Ne6 Rfc8 17. Bd5 Nhf7
$19) 16... fxe5 (16... fxg5 17. f3 gxh4 18. Bd5 $19) 17. f3 $4 (17. Nc4 $142
Bf6 18. Nd6 $19) 17... b5 $19 18. Bd5 Rab8 19. b3 (19. Nc2 a5 $19) 19... a6 (
19... c4 $142 $5 20. Nc2 $19) 20. Nc2 Rfc8 (20... c4 21. Kd2 Rbc8 22. Rhg1 $19)
21. g4 (21. f4 Bg4 22. fxe5 Bxd1 23. Rxd1 g6 $19) 21... c4 22. Kb1 g6 (22... a5
23. Nxd4 exd4 24. Rxd4 $19) 23. Ne6 (23. Nxd4 exd4 24. Rxd4 c3 $19) 23... Bxe6
24. Bxe6 Rf8 25. g5 Ng8 26. h5 (26. Ka1 Rxf3 27. bxc4 Rc3 $19) 26... Bxg5 27.
hxg6 h6 28. Nxd4 (28. Bf7 Ne7 $19) 28... exd4 29. Rxd4 Rbd8 (29... Rxf3 30. Bg4
Rf4 31. Bd1 $19) 30. Rd5 (30. Rxd8 Rxd8 31. bxc4 bxc4 32. Bxc4 Ne7 $19) 30...
Rxd5 31. exd5 cxb3 32. axb3 (32. d6 bxa2+ 33. Bxa2 Rd8 $19) 32... Rxf3 33. d6 (
33. Rh3 Rf1+ 34. Kb2 Kg7 $19) 33... Rd3 34. d7 Kg7 35. Rf1 (35. Re1 Ne7 $19)
35... Nf6 36. Kc2 (36. b4 Rd6 $19) 36... Rd6 (36... Rd2+ $5 37. Kb1 Nd5 38.
Rf7+ Kxg6 39. Rf3 $19) 37. Rd1 (37. d8=N Rxd8 38. Rf5 Rd6 $19) 37... Rxd1 38.
Kxd1 Ne4 39. Bf7 (39. Bf5 Nc5 40. b4 Na4 $19) 39... Nc5 40. Be8 (40. Bd5 $19)
40... Nxb3 41. Kc2 Nc5 42. Kc3 Bf6+ 43. Kb4 Nb7 44. Bf7 h5 45. Bd5 Be7+ 46. Kc3
Nc5 47. Bc6 Kxg6 48. Kd4 Ne6+ (48... Ne6+ 49. Kc3 Nc5 $19) 0-1

[Event "SCC Swiss"]
[Site "?"]
[Date "1991.08.09"]
[Round "1"]
[White "Orum, C."]
[Black "Bailey, B."]
[Result "0-1"]
[WhiteElo "1944"]
[BlackElo "1826"]
[Annotator "Stockfish 12 (15s)"]
[PlyCount "82"]

{A29: English Opening: Four Knights Variation with 4 g3} 1. c4 e5 2. Nc3 Nf6 3.
g3 Be7 4. Bg2 O-O 5. Nf3 d6 6. O-O Nc6 7. a3 Rb8 (7... Bg4 8. h3 Be6 9. d3 Qd7
10. Kh2 Rad8 11. b4 Nd4 12. Ng5 d5 13. Nxe6 fxe6 14. Bb2 c5 15. e3 Nf5 16. cxd5
exd5 17. e4 {
1/2-1/2 (17) Vega Granillo,A (2230)-Garcia Cortez,J Hermosillo 2002}) (7... Bf5
8. d4 Qd7 9. Re1 Bh3 10. Bh1 exd4 11. Nxd4 Nxd4 12. Qxd4 c6 13. Bf4 Nh5 14. Be3
f5 15. f4 Rae8 16. Qxa7 Bf6 17. Bd4 g5 18. Bxf6 gxf4 19. Bh4 fxg3 20. hxg3 f4
21. Kh2 Qg4 22. Rg1 {Wagner,F-Hoening,A Germany 2003 1-0}) 8. b4 a5 $146 (8...
a6 9. Bb2 b6 10. e3 Bb7 11. d4 exd4 12. exd4 d5 13. Ne5 Nxe5 14. dxe5 Nd7 15.
Nxd5 c6 16. Nf4 c5 17. Qg4 Qc7 {
1-0 (17) Linares Quero,A-Benito Cabezas,A Oropesa del Mar 2000}) 9. d4 (9. b5
$5 Nd4 10. Nxd4 exd4 11. Nd5 $16) 9... axb4 10. axb4 exd4 11. Nxd4 Nxb4 12. Qb3
c5 13. Ndb5 Be6 14. Rd1 Qb6 15. Bf4 {The pressure on the backward pawn d6 grows
} Rfd8 16. Na4 $4 (16. h3 $142 $11) 16... Qxb5 $3 $19 17. Bd5 (17. cxb5 Bxb3 {
Deflection Pinning}) 17... Bxd5 18. Rxd5 (18. cxb5 $4 Bxb3 19. Nb6 Bxd1 20.
Rxd1 Nc2 $19) 18... Qc6 19. Rdd1 Ra8 20. f3 (20. Nb2 Rxa1 21. Rxa1 d5 $19)
20... d5 21. Nc3 (21. Nb2 Rxa1 22. Rxa1 dxc4 23. Nxc4 Nfd5 $19) 21... Rxa1 22.
Rxa1 dxc4 23. Qxc4 Nfd5 24. Qe4 (24. Be5 Qe6 25. f4 f6 $19) 24... Bf6 25. Nxd5
Qxd5 (25... Nxd5 $142 26. Rf1 $19) 26. Qxd5 (26. Ra7 g5 27. Qxd5 Rxd5 28. Bxg5
Bxg5 29. f4 $19) 26... Nxd5 27. Rb1 Nxf4 28. gxf4 Rd7 (28... c4 $142 $5 29. Kf2
c3 30. Ke3 $19) 29. Kf2 Kf8 (29... c4 30. Rc1 c3 31. f5 $19) 30. Ke3 (30. e4
Rd2+ 31. Ke3 Rb2 $19) 30... Ke7 (30... c4 31. Rc1 c3 32. Rb1 $19) 31. Rb6 (31.
Kf2 c4 32. e4 Rd2+ 33. Ke3 Rb2 $19) 31... Kd8 (31... c4 32. Rb1 $19) 32. h3 Kc7
33. Rb3 Kc6 34. Ra3 b5 (34... c4 $142 35. Kf2 c3 36. Ra1 $19) 35. f5 c4 36. Kf4
c3 37. Ra2 b4 38. Ra6+ (38. Kg4 b3 39. Ra6+ Kb7 40. Ra4 Rd4+ 41. Rxd4 Bxd4 42.
f6 c2 43. e3 Bxf6 44. h4 c1=Q 45. Kf4 b2 46. Kg3 b1=Q 47. e4 Qg1+ 48. Kf4 Qbc1+
49. Kf5 Qg6#) 38... Kb5 39. Ra8 b3 40. e4 c2 41. Rb8+ (41. Rc8 b2 42. Kg4 c1=Q
43. Rb8+ Kc6 44. h4 h5+ 45. Kg3 Qg1+ 46. Kh3 Qf1+ 47. Kh2 Be5+ 48. f4 Bxf4#)
41... Kc6 (41... Kc6 42. Rc8+ Rc7 43. h4 c1=Q+ 44. Kg3 Qg1+ 45. Kh3 Rxc8 46. e5
Bxe5 47. f4 Bxf4 48. h5 Qg3#) 0-1